000
00295nam a2200121Ia 4500
008
191201s2007 xx 000 0 und d
100
_a
RATHAKRISHNAN, E
245
0
_a
Fluid Mechanics: An Introduction
260
_a
N. Delhi
_b
PHI
_c
2007
300
_a
244
650
_a
B.Tech(CE)
942
_2
ddc
_c
BK
999
_c
6527
_d
6527